The essential guide to telecommunications

Saved in:
Bibliographic Details
Main Author: Dodd, Annabel Z.
Format: Book
Language:English
Published: Upper Saddle River, N. J. : Prentice Hall, c2000
Edition:2nd ed.
Subjects:
Tags: Add Tag
No Tags, Be the first to tag this record!

MARC

LEADER 00000cam a2200000 i 4500
001 1/17393
008 010221s2000 eng d
020 |a 0-13-014295-6 
035 |l 10066119 
040 |a GR-MY-UA  |b gre  |e aacr 
041 0 |a eng 
082 0 |a 384 
100 1 |a Dodd, Annabel Z. 
245 1 4 |a The essential guide to telecommunications /  |c Annabel Z. Dodd 
250 |a 2nd ed. 
260 |a Upper Saddle River, N. J. :   |b Prentice Hall,   |c c2000 
300 |a xviii, 366 p. 
504 |a Includes bibliography and index 
650 0 0 |a Telecommunication. 
852 |a INST  |b CHIOS  |e 20010221  |h 384 DOD  |p 005200021468  |q 005200021468  |t BK  |y 0 
901 |a BIBL2-2001-1 
909 |a Χ  |b 083197 
970 |a ΣΠΕΝΤΖΑ  |b ΕΛΕΝΗ  |z 2001/02/21